| 000 | 00781nam a2200181Ia 4500 | ||
|---|---|---|---|
| 008 | 151202s9999||||xx |||||||||||||| ||und|| | ||
| 082 | _bPNVM-76302 | ||
| 100 | _aपाटील शरद्. | ||
| 245 | _aअब्राह्मणी साहित्याचे सौंदर्यशास्त्र. | ||
| 260 | _b"सुगावा प्रकाशन,पुणे 30." | ||
| 260 | _c1988 | ||
| 300 | _a207 | ||
| 600 | _aपाटील शरद्. | ||
| 630 | _aअब्राह्मणी साहित्याचे सौंदर्यशास्त्र. | ||
| 700 | _aपाटील शरद्. | ||
| 730 | _aअब्राह्मणी साहित्याचे सौंदर्यशास्त्र. | ||
| 942 | _cBOOK | ||
| 999 |
_c1342961 _d1342958 |
||